Preaching : (Record no. 10921)

MARC details
000 -LEADER
fixed length control field 01134cam a2200289Ii 4500
001 - CONTROL NUMBER
control field 893894899
003 - CONTROL NUMBER IDENTIFIER
control field OCoLC
005 - DATE AND TIME OF LATEST TRANSACTION
control field 20250825112830.0
008 - FIXED-LENGTH DATA ELEMENTS--GENERAL INFORMATION
fixed length control field 141024s2015 nyu b 000 0 eng d
020 ## - INTERNATIONAL STANDARD BOOK NUMBER
International Standard Book Number 9780525953036
020 ## - INTERNATIONAL STANDARD BOOK NUMBER
International Standard Book Number 9781444702187
020 ## - INTERNATIONAL STANDARD BOOK NUMBER
International Standard Book Number 0525953035
035 ## - SYSTEM CONTROL NUMBER
System control number (OCoLC)893894899
Canceled/invalid control number (OCoLC)906024014
040 ## - CATALOGING SOURCE
Original cataloging agency BTCTA
Language of cataloging eng
Transcribing agency BTCTA
Modifying agency YDXCP
-- BDX
-- TNH
-- OCLCO
-- WIM
-- CO2
-- ZHB
-- ZQP
-- KTP
-- VP@
-- CDX
-- OCLCQ
-- OCLCF
-- TLE
-- DLC
082 ## - DEWEY DECIMAL CLASSIFICATION NUMBER
Classification number 251
Item number KEL 1
092 ## - LOCALLY ASSIGNED DEWEY CALL NUMBER (OCLC)
Classification number 251
Item number K29P
100 1# - MAIN ENTRY--PERSONAL NAME
Personal name Keller, Timothy,
Dates associated with a name 1950-2023
245 10 - TITLE STATEMENT
Title Preaching :
Remainder of title communicating faith in an age of skepticism /
Statement of responsibility, etc. Timothy Keller
264 #1 - PRODUCTION, PUBLICATION, DISTRIBUTION, MANUFACTURE, AND COPYRIGHT NOTICE
Place of production, publication, distribution, manufacture New York :
Name of producer, publisher, distributor, manufacturer Viking,
Date of production, publication, distribution, manufacture, or copyright notice c2015
300 ## - PHYSICAL DESCRIPTION
Extent viii, 309 pages ;
Dimensions 20 cm
504 ## - BIBLIOGRAPHY, ETC. NOTE
Bibliography, etc. note Includes bibliographical references (pages 241-309)
520 ## - SUMMARY, ETC.
Summary, etc. Presents a guide to preaching for pastors as well as laypeople, intended to help readers communicate the Christian message of grace in a meaningful, engaging, and compassionate way
650 #0 - SUBJECT ADDED ENTRY--TOPICAL TERM
Topical term or geographic name entry element Preaching
650 #0 - SUBJECT ADDED ENTRY--TOPICAL TERM
Topical term or geographic name entry element Word of God (Christian theology)
650 #0 - SUBJECT ADDED ENTRY--TOPICAL TERM
Topical term or geographic name entry element Communication
General subdivision Religious aspects
-- Christianity
942 ## - ADDED ENTRY ELEMENTS (KOHA)
Source of classification or shelving scheme Dewey Decimal Classification
Koha item type Books
Suppress in OPAC No
Holdings
Withdrawn status Lost status Source of classification or shelving scheme Damaged status Not for loan Home library Current Library Shelving location Date acquired Total checkouts Full call number Barcode Date last seen Copy number Price effective from Koha item type
    Dewey Decimal Classification     GRACE BIBLE COLLEGE GRACE BIBLE COLLEGE Ministry & Mission 2025-08-25   251 KEL 017132 2025-08-25 c.1 2025-08-25 Books
    Dewey Decimal Classification     GRACE BIBLE COLLEGE GRACE BIBLE COLLEGE Ministry & Mission 2025-08-25   251 KEL 017133 2025-08-25 c.2 2025-08-25 Books
© Grace Bible College Library 2025